书目信息 |
| 题名: |
现代英汉心理学词汇
|
|
| 作者: | 张厚粲 , 孙晔 , 石绍华 主编 | |
| 分册: | ||
| 出版信息: | 北京 中国轻工业出版社 2000.01 |
|
| 页数: | 273页 | |
| 开本: | 20cm | |
| 丛书名: | ||
| 单 册: | ||
| 中图分类: | B84-61 | |
| 科图分类: | ||
| 主题词: | 心理学 | |
| 电子资源: | ||
| ISBN: | 7-5019-2723-5 | |
| 000 | 00704nam0 2200217 450 | |
| 001 | 1537864697 | |
| 005 | 20150705103224.50 | |
| 010 | @a7-5019-2723-5@dCNY18.00 | |
| 100 | @a20150705d2000 km y0chiy0120 ea | |
| 101 | 0 | @achi |
| 102 | @aCN@b110000 | |
| 200 | 1 | @a现代英汉心理学词汇@Axian dai ying han xin li xue ci hui@f张厚粲, 孙晔, 石绍华主编@Fzhang hou can,sun ye,shi shao hua zhu bian |
| 210 | @a北京@c中国轻工业出版社@d2000.01 | |
| 215 | @a273页@d20cm | |
| 606 | 0 | @a心理学 |
| 690 | @aB84-61@v4 | |
| 701 | 0 | @a张厚粲@Azhang hou can@4主编 |
| 701 | 0 | @a孙晔@Asun ye@4主编 |
| 701 | 0 | @a石绍华@Ashi shao hua@4主编 |
| 801 | 0 | @aCN@b大连网信软件有限公司图书馆·11@c20150705 |
| 905 | @aZUCC@dB84-61@eZ110 | |
| 现代英汉心理学词汇/张厚粲, 孙晔, 石绍华主编.-北京:中国轻工业出版社,2000.01 |
| 273页;20cm |
| ISBN 7-5019-2723-5:CNY18.00 |
| ● |
| 相关链接 |
|
|
|
正题名:现代英汉心理学词汇
索取号:B84-61/Z110
 
预约/预借
| 序号 | 登录号 | 条形码 | 馆藏地/架位号 | 状态 | 备注 |
| 1 | 157857 | 201578578 | 社科库509/509社科库 35排3列4层/ [索取号:B84-61/Z110] | 在馆 | |
| 2 | 157858 | 201578587 | 社科库509/509社科库 35排3列4层/ [索取号:B84-61/Z110] | 在馆 | |
| 3 | 157859 | 201578596 | 社科库509/509社科库 35排3列4层/ [索取号:B84-61/Z110] | 在馆 |